[Event "U12 Polish Youth Championship"]
[Site "chess24.com"]
[Date "2018.05.05"]
[Round "9"]
[White "Kozlowski, Michal"]
[Black "Katny, Samuel"]
[Result "1/2-1/2"]
[Board "24"]
[WhiteElo "1327"]
[WhiteCountry "POL"]
[WhiteFideId "21812144"]
[BlackElo "1343"]
[BlackCountry "POL"]
[BlackFideId "21846693"]

1. e4 {[%clk 1:30:58]} e5 {[%clk 1:30:55]} 2. Nf3 {[%clk 1:31:20]} Nc6 {[%clk
1:31:19]} 3. Bc4 {[%clk 1:31:41]} Bc5 {[%clk 1:31:39]} 4. Nc3 {[%clk 1:30:54]}
Nf6 {[%clk 1:32:00]} 5. d3 {[%clk 1:31:15]} h6 {[%clk 1:32:16]} 6. Bd2 {[%clk
1:30:16]} O-O {[%clk 1:32:36]} 7. O-O {[%clk 1:30:37]} d6 {[%clk 1:32:57]} 8. h3
{[%clk 1:30:55]} Nh7 {[%clk 1:24:24]} 9. Qc1 {[%clk 1:05:49]} Bb6 {[%clk
1:07:16]} 10. Nd5 {[%clk 0:56:04]} Nd4 {[%clk 1:06:12]} 11. Nxd4 {[%clk 0:55:37]}
Bxd4 {[%clk 1:06:31]} 12. c3 {[%clk 0:55:58]} Bb6 {[%clk 1:06:35]} 13. Be3 {[%clk
0:55:55]} Be6 {[%clk 1:05:17]} 14. Nxb6 {[%clk 0:55:01]} axb6 {[%clk 1:05:39]}
15. Bxe6 {[%clk 0:55:24]} fxe6 {[%clk 1:05:56]} 16. Qd1 {[%clk 0:51:14]} Qf6
{[%clk 1:00:18]} 17. Qg4 {[%clk 0:48:31]} Rf7 {[%clk 0:59:12]} 18. f4 {[%clk
0:42:02]} exf4 {[%clk 0:53:38]} 19. Rxf4 {[%clk 0:38:54]} Qe7 {[%clk 0:48:16]}
20. Rxf7 {[%clk 0:38:45]} Kxf7 {[%clk 0:48:31]} 21. Qh5+ {[%clk 0:26:43]} Kg8
{[%clk 0:48:15]} 22. Qg6 {[%clk 0:26:42]} Rf8 {[%clk 0:42:40]} 23. Rf1 {[%clk
0:24:46]} Rxf1+ {[%clk 0:41:19]} 24. Kxf1 {[%clk 0:24:45]} Qf6+ {[%clk 0:40:21]}
25. Qxf6 {[%clk 0:25:07]} Nxf6 {[%clk 0:40:44]} 26. Ke2 {[%clk 0:22:57]} Kf7
{[%clk 0:40:45]} 27. a4 {[%clk 0:22:52]} Nd7 {[%clk 0:36:47]} 28. b3 {[%clk
0:18:33]} Kf6 {[%clk 0:27:45]} 29. g3 {[%clk 0:16:17]} e5 {[%clk 0:21:51]} 30. h4
{[%clk 0:13:20]} Nb8 {[%clk 0:14:47]} 31. b4 {[%clk 0:09:51]} Nc6 {[%clk
0:12:20]} 32. Bf2 {[%clk 0:08:43]} Ne7 {[%clk 0:12:23]} 33. d4 {[%clk 0:05:53]}
Nc8 {[%clk 0:10:29]} 34. dxe5+ {[%clk 0:04:06]} dxe5 {[%clk 0:10:06]} 35. Kd3
{[%clk 0:03:55]} Ke6 {[%clk 0:08:25]} 36. c4 {[%clk 0:03:19]} Ne7 {[%clk
0:07:10]} 37. c5 {[%clk 0:02:18]} bxc5 {[%clk 0:07:17]} 38. Bxc5 {[%clk 0:02:39]}
Nc6 {[%clk 0:05:42]} 39. b5 {[%clk 0:02:41]} Nb8 {[%clk 0:05:25]} 40. Bf8 {[%clk
0:02:15]} Kf7 {[%clk 0:05:30]} 41. Bc5 {[%clk 0:02:29]} b6 {[%clk 0:04:37]} 42.
Bf2 {[%clk 0:01:38]} Nd7 {[%clk 0:04:39]} 43. Kc4 {[%clk 0:01:31]} Ke6 {[%clk
0:04:52]} 44. Be3 {[%clk 0:01:13]} Nf6 {[%clk 0:04:47]} 45. Kd3 {[%clk 0:01:39]}
Nd7 {[%clk 0:04:37]} 46. Kc4 {[%clk 0:02:06]} Nf6 {[%clk 0:04:18]} 47. Kd3 {[%clk
0:02:06]} 1/2-1/2

[Event "U12 Polish Youth Championship"]
[Site "chess24.com"]
[Date "2018.05.05"]
[Round "9"]
[White "Wydmanski, Szymon"]
[Black "Malinowski, Szymon"]
[Result "0-1"]
[Board "25"]
[WhiteElo "1361"]
[WhiteCountry "POL"]
[WhiteFideId "21866759"]
[WhiteEloChange "-5"]
[BlackElo "1549"]
[BlackCountry "POL"]
[BlackFideId "21832757"]
[BlackEloChange "5"]

1. e4 {[%clk 1:30:58]} c6 {[%clk 1:30:55]} 2. d4 {[%clk 1:31:20]} d5 {[%clk
1:31:20]} 3. Nc3 {[%clk 1:31:32]} dxe4 {[%clk 1:31:41]} 4. Nxe4 {[%clk 1:31:55]}
Bf5 {[%clk 1:32:05]} 5. Ng3 {[%clk 1:32:12]} Bg6 {[%clk 1:32:10]} 6. h4 {[%clk
1:32:27]} h6 {[%clk 1:32:28]} 7. h5 {[%clk 1:32:51]} Bh7 {[%clk 1:32:52]} 8. Nf3
{[%clk 1:33:12]} Nf6 {[%clk 1:33:07]} 9. Bd3 {[%clk 1:32:50]} Bxd3 {[%clk
1:33:17]} 10. Qxd3 {[%clk 1:33:07]} e6 {[%clk 1:33:42]} 11. Bd2 {[%clk 1:32:51]}
Nbd7 {[%clk 1:33:47]} 12. O-O-O {[%clk 1:32:31]} Be7 {[%clk 1:34:08]} 13. Kb1
{[%clk 1:32:22]} O-O {[%clk 1:34:27]} 14. Ne4 {[%clk 1:32:34]} c5 {[%clk
1:34:31]} 15. Bc1 {[%clk 1:20:05]} Rc8 {[%clk 1:34:20]} 16. Qe2 {[%clk 0:56:13]}
c4 {[%clk 1:33:59]} 17. Bd2 {[%clk 0:35:28]} b5 {[%clk 1:33:52]} 18. Nxf6+ {[%clk
0:34:29]} Nxf6 {[%clk 1:30:01]} 19. Qe1 {[%clk 0:32:17]} Nd5 {[%clk 1:29:27]} 20.
c3 {[%clk 0:30:45]} a5 {[%clk 1:29:36]} 21. a3 {[%clk 0:30:02]} b4 {[%clk
1:27:44]} 22. Ka2 {[%clk 0:26:58]} bxa3 {[%clk 1:27:39]} 23. bxa3 {[%clk
0:25:12]} Qd6 {[%clk 1:28:09]} 24. Bc1 {[%clk 0:24:47]} Rb8 {[%clk 1:28:28]} 25.
Bb2 {[%clk 0:21:08]} Rxb2+ {[%clk 1:28:21]} 26. Kxb2 {[%clk 0:21:15]} Qxa3+
{[%clk 1:28:44]} 27. Kc2 {[%clk 0:21:09]} Qa2+ {[%clk 1:29:10]} 28. Kc1 {[%clk
0:21:30]} Ba3# {[%clk 1:29:36]} 0-1